Central Library OPAC University of Rajshahi

Indo-Roman trade : (Record no. 82443)

MARC details
000 -LEADER
fixed length control field 01262nam a2200325 a 4500
001 - CONTROL NUMBER
control field 82443
003 - CONTROL NUMBER IDENTIFIER
rucl marc code BD-RjUL
005 - DATE AND TIME OF LATEST TRANSACTION
control field 20231211152552.0
008 - FIXED-LENGTH DATA ELEMENTS--GENERAL INFORMATION
fixed length control field 231211s20122008enkab b 001 0 eng
020 ## - INTERNATIONAL STANDARD BOOK NUMBER
International Standard Book Number 9780715636961 (pbk.)
035 ## - SYSTEM CONTROL NUMBER
System control number (BD-RjUL)82443
040 ## - CATALOGING SOURCE
Original cataloging agency BAR
Transcribing agency UKM
Modifying agency BWKUK
-- LRU
-- BD-RjUL
Language of cataloging eng
041 ## - LANGUAGE CODE
Language code of text/sound track or separate title eng
082 ## - DEWEY DECIMAL CLASSIFICATION NUMBER
Edition number 23
Classification number 382.091824
Author mark and year TOI 2012
100 1# - MAIN ENTRY--PERSONAL NAME
Personal name Tomber, R.
Fuller form of name (Roberta)
9 (RLIN) 10457
245 10 - TITLE STATEMENT
Title Indo-Roman trade :
Remainder of title from pots to pepper /
Statement of responsibility, etc. Roberta Tomber ; maps by Antony Simpson ; illustrations by Penny Copeland.
260 ## - PUBLICATION, DISTRIBUTION, ETC. (IMPRINT)
Place of publication, distribution, etc. London :
Name of publisher, distributor, etc. Bristol Classical Press,
Date of publication, distribution, etc. 2012
300 ## - PHYSICAL DESCRIPTION
Pagination 216 p. :
Illustrations ill.;
Size 22 cm.
490 0# - SERIES STATEMENT
Series statement Bristol Classical Press debates in archaeology
504 ## - BIBLIOGRAPHY, ETC. NOTE
Bibliography, etc Includes bibliographical references (p. 177-207) and index.
650 #4 - SUBJECT ADDED ENTRY--TOPICAL TERM
Topical term or geographic name as entry element Excavations (Archaeology)
Geographic subdivision Indian Ocean Region
9 (RLIN) 10458
651 #4 - SUBJECT ADDED ENTRY--GEOGRAPHIC NAME
Geographic name Indian Ocean Region
General subdivision Commerce
-- History
Chronological subdivision To 1500.
9 (RLIN) 10459
Geographic name Indian Ocean Region
General subdivision Commerce
Geographic subdivision Rome.
9 (RLIN) 10460
Geographic name Rome
General subdivision Commerce
Geographic subdivision Indian Ocean Region.
9 (RLIN) 10461
Geographic name Indian Ocean Region
General subdivision Antiquities.
9 (RLIN) 10462
700 1# - ADDED ENTRY--PERSONAL NAME
Personal name Simpson, Antony
Personal name Copeland, Penny.
830 ## - SERIES ADDED ENTRY--UNIFORM TITLE
Uniform title Bristol Classical Press debates in archaeology
942 ## - ADDED ENTRY ELEMENTS (KOHA)
Source of classification or shelving scheme Dewey Decimal Classification
Koha item type Books
Holdings
Lost status Source of classification or shelving scheme Damaged status Not for loan Collection code Permanent Location Current Location Shelving location Date acquired Source of acquisition Cost, normal purchase price Total Checkouts Full call number Date last seen Copy number Koha item type
  Dewey Decimal Classification   Not For Loan Non-fiction Central Library, University of Rajshahi Central Library, University of Rajshahi Reading Room 07/12/2023 Dhaka: Omni Concept 2586.00   382.091824 TOI 2012 11/12/2023 C-1 Books
  Dewey Decimal Classification     Non-fiction Central Library, University of Rajshahi Central Library, University of Rajshahi General Stacks 07/12/2023 Dhaka: Omni Concept 2586.00   382.091824 TOI 2012 11/12/2023 C-2 Books
  Dewey Decimal Classification     Non-fiction Central Library, University of Rajshahi Central Library, University of Rajshahi General Stacks 07/12/2023 Dhaka: Omni Concept 2586.00   382.091824 TOI 2012 12/12/2023 C-3 Books